Countries with the most orthodox churches - Statistics

General Stats
  • This quiz has been taken 95 times
  • The average score is 10 of 11
Answer Stats
Churches Country % Correct
30k Russia
100%
12k Ukraine
96%
10k Greece
95%
10k Romania
93%
4k Bulgaria
92%
5k Serbia
91%
2k Belarus
87%
2.5k Georgia
82%
3k Armenia
76%
1.5k Moldova
72%
6k Ethiopia
70%
No matching quizzes found
Score Distribution
Percent of People with Each Score
Percentile by Number Answered
Your Score History
You have not taken this quiz